[Event "Israel Championship 2021"]
[Site "Haifa"]
[Date "2021.03.09"]
[Round "3.16"]
[White "Aizenberg, Benny"]
[Black "Katz, Kiril"]
[Result "1-0"]
[WhiteElo "2307"]
[BlackElo "1957"]
[Annotator "TA"]
[PlyCount "153"]
[EventDate "2021.01.10"]
[EventType "swiss"]
[EventCountry "ISR"]
[SourceTitle "playchess.com"]
[Source "ChessBase"]
[SourceQuality "1"]

{[%evp 23,153,18,20,20,20,25,22,20,28,0,15,10,120,114,95,102,128,42,116,22,39,34,69,44,49,49,46,34,50,41,18,17,94,77,54,37,34,36,119,0,0,0,0,0,0,0,0,0,0,0,0,0,0,0,91,93,86,90,150,149,150,147,231,126,231,225,239,236,280,116,137,137,137,127,118,116,400,398,291,166,171,100,100,87,80,86,71,41,68,76,72,70,187,187,234,234,220,210,285,267,363,356,614,337,379,363,4911,1387,4029,4222,3837,2732,1514,2854,1380,1337,8208,6531,29962,29963,6531,5768,5422,4952,29974,29975,29983,29983,29991,29992,29992,29993]} 1. e4 c5 2. Nf3 Nc6 3. d4 cxd4 4. Nxd4 Nf6 5. Nc3 e5 6. Ndb5 d6 7. Bg5 a6 8. Na3 b5 9. Nd5 Be7 10. Bxf6 Bxf6 11. c4 b4 12. Nc2 Rb8 13. g3 {B33: Sicilian: Pelikan and Sveshnikov Variations.} O-O 14. b3 Bg5 15. Bg2 {The position is equal.} Be6 16. Nce3 g6 17. O-O {[#]} f5 $146 (17... Bh6 $11) ({Predecessor:} 17... Bxe3 18. Nxe3 Nd4 19. Nc2 Nxc2 20. Qxc2 Qb6 21. Rad1 Rfd8 22. Rd3 Qc5 23. Qd2 Rb6 {1-0 (36) Chrenko,K (1992)-Kucera,M (1921) Banska Stiavnica 2018}) 18. exf5 $16 gxf5 19. f4 Bh6 20. g4 (20. Qh5 $16 Bg7 21. fxe5 Bxe5 22. Rad1) 20... exf4 (20... fxg4 $14 21. f5 (21. Nxg4 Bg7 $11) 21... Bd7) 21. gxf5 ({Reject} 21. Nxf5 $6 Bxf5 22. gxf5 Rxf5 $11) (21. Nxf4 $16 Bxf4 22. Rxf4) 21... Bxf5 22. Nxf4 {And now Qd5+ would win.} Ne5 23. Qd5+ Kh8 24. Nxf5 Rxf5 25. Ne6 $36 {[%mdl 2048] White has good play.} Qf6 26. Rxf5 ({But not} 26. Qxd6 $2 Rg8 $19) 26... Qxf5 27. Rf1 Qd3 (27... Be3+ $11 28. Kh1 Qd3) 28. Qxd3 Nxd3 29. Rf6 Be3+ 30. Kf1 {Black must now prevent Rf3.} Re8 (30... Nc1 $14) 31. h4 ({Better is} 31. Bc6 $16 Rg8 32. Rf3 Rg1+ 33. Ke2) 31... Bd4 $11 32. Rf3 Rxe6 {[%csl Gd3][%cal Re6e1]} 33. Rxd3 {[%mdl 4096] Endgame KRB-KRB} Rf6+ 34. Bf3 Rf4 35. h5 Kg7 36. Kg2 Kf6 37. Rd2 Kg5 38. Re2 Be5 (38... Rf5 $11 {remains equal.}) 39. c5 $1 $16 Rf7 40. c6 Kf5 (40... Re7 $142) 41. Bd5 Rg7+ 42. Kf3 Rg3+ 43. Kf2 Rg7 (43... Rc3 $16) 44. Re4 $18 a5 45. Ke3 Kf6 {[#]} 46. Kd3 (46. Rg4 $3 $18 {[%mdl 512] has better winning chances. aiming for Rxg7.} Re7 (46... Rc7 47. Kd3) 47. Kd3) 46... Ke7 $16 47. Kc4 Kd8 48. Kb5 {Threatens to win with h6.} Kc7 49. Kxa5 Rg5 $2 {[%mdl 8192]} (49... Rg2 $16) 50. Kxb4 $18 Rxh5 51. Rg4 (51. a4 $142) 51... Bf6 52. Bg2 (52. Kc4 $18) 52... Kb6 $16 53. Rc4 Rb5+ 54. Ka3 d5 55. Ra4 (55. c7 {looks sharper.} Ra5+ 56. Ra4 Rc5 57. Bxd5 Kxc7 58. Rc4) 55... Be7+ 56. b4 {Strongly threatening Bf1. Black is now going downhill.} Kxc6 57. Kb3 Bd8 (57... Kb7 $14) 58. Ra7 $18 Bc7 59. a4 Rb8 {[#]} 60. Bxd5+ $1 {[%mdl 512]} Kd6 (60... Kb6 61. Ra5) 61. Bh1 h5 62. a5 Rf8 $2 (62... Rg8 63. Ra6+ Kd7) 63. Ra6+ Kd7 64. Rh6 Rf5 $2 (64... Rf1 65. Bc6+ Ke7 66. Rxh5 Re1) 65. a6 (65. Rh7+ $142 Kd6 66. a6) 65... Bb8 66. a7 Bxa7 67. Rh7+ Kd6 68. Rxa7 {KRB-KR} Rf1 69. Be4 Re1 70. Bd3 h4 71. Rh7 Rh1 72. Be4 Rh2 73. b5 {[%cal Bb4b5,Bb5b6][%mdl 32]} Kc5 74. Rh5+ {White mates.} Kb6 75. Kc4 Rh3 76. Rh6+ Kc7 77. b6+ {Weighted Error Value: White=0.18/Black=0.33} 1-0

[Event "Israel Championship 2021"]
[Site "Haifa"]
[Date "2021.03.10"]
[Round "4.1"]
[White "Gorshtein, Ido"]
[Black "Nabaty, Tamir"]
[Result "1-0"]
[WhiteElo "2387"]
[BlackElo "2638"]
[Annotator "TA"]
[PlyCount "119"]
[EventDate "2021.01.10"]
[EventType "swiss"]
[EventCountry "ISR"]
[SourceTitle "playchess.com"]
[Source "ChessBase"]
[SourceQuality "1"]

{[%evp 9,119,11,-2,18,18,-10,47,43,35,-42,-30,-85,-64,-107,-101,-106,-110,-111,-102,-94,-111,-116,-50,-107,-101,-92,-56,-60,-28,-61,-57,-21,-37,-22,-25,-172,0,-66,-80,-78,-78,-118,-9,-5,-25,-95,0,0,50,48,92,95,116,113,210,194,198,211,201,212,270,272,261,198,371,275,334,283,279,133,243,122,72,0,237,0,260,0,186,168,158,102,504,495,432,454,425,411,281,22,22,22,22,22,248,209,273,273,273,273,273,273,6672,6219,5791,5324,1639,705,1850,1813,1238,1183]} 1. c4 b6 2. Nc3 Bb7 3. Nf3 e6 4. g3 Bb4 5. Bg2 Bxc3 6. bxc3 {A10: English Opening: Unusual Replies for Black.} f5 {[#]} 7. a4 $146 ({Predecessor:} 7. O-O Nf6 8. d3 O-O 9. Re1 Qe7 10. a4 a5 11. Qb3 d6 12. e4 fxe4 13. Ng5 {½-½ (26) Szeles,K (2230)-Soponyai,A (2038) Hungary 2010}) 7... a5 (7... Nc6 $11) 8. Ba3 $14 {White is slightly better.} d6 9. h3 (9. Qb3 $14) 9... Nf6 10. g4 (10. d4 $11) 10... Qe7 11. gxf5 exf5 12. Rg1 Nbd7 13. Nd4 Bxg2 14. Rxg2 g6 15. d3 Ne5 ({Better is} 15... f4 $17 16. Bc1 Nh5) 16. Kd2 (16. Bc1 $15) 16... c5 $17 17. Nb5 d5 18. f4 Nf7 {...dxc4 is the strong threat.} 19. Rg3 O-O 20. cxd5 Nxd5 21. Qf1 Rfe8 {White must now prevent ...Nxf4!} 22. Re1 (22. c4 $11 {and White stays safe.} Nb4 23. Rd1) 22... Qh4 $2 (22... Rad8 $1 $19 23. Qf3 Qe6) 23. Rf3 ({White should try} 23. Qf2 $1 $11 Qf6 24. c4) 23... Rad8 $15 24. c4 Nb4 25. Bb2 Nd6 (25... Re4 $1 $17 {And now ...Rxc4 would win.} 26. Kc3 Ree8) 26. Nxd6 $11 Rxd6 27. Qg1 (27. Be5 $11 Rde6 28. e4) 27... Re4 (27... Qe7 $1 $17 {[%cal Re7e4] Threatens to win with ...Qe4.} 28. Be5 Re6) 28. Be5 $1 {[%cal Re5d6]} Rd7 29. Kc3 Rxe5 30. fxe5 Kf7 31. Ref1 Ke6 (31... Ke8 $16 {might work better.}) 32. e4 $1 $18 {[%cal Re4f5]} f4 33. Qg4+ $1 (33. Rxf4 Rxd3+ 34. Kb2 Qxh3 $11) 33... Qxg4 34. hxg4 Kxe5 {[%mdl 4096] Endgame KRR-KRN} 35. g5 (35. Rxf4 Rxd3+ 36. Kb2 Rd2+ 37. Kc3 Rd3+ 38. Kb2 Rd2+ 39. Kc3 Rd3+ $11) 35... Rf7 36. Rh1 Na2+ $2 (36... Nc6 {was called for.} 37. Rfh3 f3) 37. Kd2 Nb4 38. Rfh3 Rd7 39. Ke2 (39. R1h2 $18) 39... Rd6 (39... Nc2 $16 {was worth a try.} 40. Rxh7 Rd8) 40. Rd1 (40. Rxh7 Rxd3 41. R1h6 Re3+ 42. Kf1 Nd3 $17) (40. Rf1 $18) 40... Rd7 $16 41. Rdh1 $2 (41. Kd2 $16) 41... Rd6 $1 $18 42. Kd2 ({Stronger than} 42. Rxh7 Rxd3 43. R1h6 Re3+ 44. Kf1 Nd3 $15) 42... Rd7 $1 43. Rf3 $2 ({White should play} 43. Rf1 $18) 43... Nc6 $2 (43... Rf7 $1 $11 {and Black is okay.} 44. Rfh3 Rd7) 44. Rh4 Rf7 45. Rfh3 (45. Rh2 $142 $1) 45... Nd4 $2 {[%mdl 8192]} (45... f3 $16 46. Rh1 (46. Rxh7 Rxh7 47. Rxh7 Kf4 $11) 46... f2) 46. Rxh7 Nf3+ 47. Ke2 Nxg5 48. Rxf7 Nxf7 {[#] KR-KN} 49. Rh7 $2 (49. Rh1 $1 $18) 49... Kf6 $1 $11 50. Rh1 {Hoping for Rb1.} Ne5 51. Rh8 g5 $2 {[#]} (51... Ke7 $11 {and Black has nothing to worry.}) 52. Rf8+ $1 $18 ({Much less strong is} 52. Rh6+ $6 Ng6 $16) 52... Ke6 {Black hopes to continue with ...Nc6.} 53. Rf5 Nf7 54. Kf2 Ke7 55. Kf3 Ke8 $2 (55... Ke6 56. Kf2 Ne5) 56. e5 {White is clearly winning.} Ke7 57. Ke4 Ke8 58. Rf6 (58. Kd5 $142 Nh6 59. Rxg5) 58... Ke7 59. Rg6 f3 60. Kd5 {Weighted Error Value: White=0.42/Black=0.51} 1-0

[Event "Israel Championship 2021"]
[Site "Haifa"]
[Date "2021.03.10"]
[Round "4.2"]
[White "Gorodetsky, David"]
[Black "Mikhalevski, Victor"]
[Result "1/2-1/2"]
[WhiteElo "2495"]
[BlackElo "2552"]
[Annotator "TA"]
[PlyCount "54"]
[EventDate "2021.01.10"]
[EventType "swiss"]
[EventCountry "ISR"]
[SourceTitle "playchess.com"]
[Source "ChessBase"]
[SourceQuality "1"]

{[%evp 25,41,34,39,20,25,32,32,0,0,10,9,0,0,0,6,6,6,6]} 1. e4 c5 2. Nf3 d6 3. Bb5+ Bd7 4. Bxd7+ Qxd7 5. c4 Nc6 6. Nc3 g6 7. d4 cxd4 8. Nxd4 Bg7 9. Be3 Nf6 10. f3 O-O 11. Qd2 Rfc8 12. b3 Qd8 13. O-O Qa5 14. Rac1 {B52: Sicilian: Moscow Variation with 3...Bd7.} a6 15. Nxc6 Rxc6 16. Nd5 {White is slightly better.} Qxd2 {The position is equal.} 17. Bxd2 Nxd5 18. cxd5 Bd4+ 19. Kh1 Rcc8 20. Rxc8+ Rxc8 21. Rc1 {[#] An uneventful encounter.  Weighted Error Value: White=0.10/Black=0.02} {Predecessor:} Rxc1+ $146 22. Bxc1 Kf8 23. g4 Ke8 24. Kg2 Kd7 25. Kf1 Be5 26. f4 Bd4 27. Ke2 Bg1 {½-½ (54) Mevel,A-Kunsztowicz,U (2365) Germany 1980} 1/2-1/2

[Event "Israel Championship 2021"]
[Site "Haifa"]
[Date "2021.03.10"]
[Round "4.3"]
[White "Steinberg, Nitzan"]
[Black "Rozen, Eytan"]
[Result "0-1"]
[WhiteElo "2553"]
[BlackElo "2399"]
[Annotator "TA"]
[PlyCount "112"]
[EventDate "2021.01.10"]
[EventType "swiss"]
[EventCountry "ISR"]
[SourceTitle "playchess.com"]
[Source "ChessBase"]
[SourceQuality "1"]

{[%evp 10,112,-8,-13,0,0,0,0,0,0,6,16,17,29,78,79,82,81,72,73,127,128,123,101,119,114,108,105,106,109,113,107,110,106,105,97,117,109,115,111,113,116,113,120,133,116,135,120,133,12,12,16,16,-126,-125,-310,-291,-295,-297,-286,-295,-295,-295,-280,-260,-241,-240,-286,-277,-249,-205,-186,0,-269,-269,-230,-164,-303,-303,-303,-303,-624,-608,-536,-533,-859,-859,-856,-856,-29965,-29966,-29965,-29964,-29961,-29965,-29964,-29966,-29974,-29974,-29981,-29982,-29981,-29982,-29976,-29976]} 1. e4 e6 2. d4 d5 3. Bd3 dxe4 4. Bxe4 Nf6 5. Bf3 c5 6. Ne2 Nc6 {C01: French: Exchange Variation.} 7. Be3 cxd4 8. Nxd4 Ne5 {The position is equal.} 9. Nc3 $40 {[%mdl 128] White is up to no good.} Bb4 10. Ndb5 Nxf3+ 11. Qxf3 Qa5 {White must now prevent ...Qxb5.} 12. O-O-O O-O {...a6 is the strong threat.} 13. a3 Bxc3 14. Nxc3 {[#]} e5 $146 (14... Qc7 $142) ({Predecessor:} 14... a6 15. Rd4 Rb8 16. Qg3 Ra8 17. Bg5 Kh8 18. Bxf6 gxf6 19. Ne4 Qe5 20. Rhd1 Qxg3 21. hxg3 {0-1 (43) Gimenez Menchon,C (2165)-Iagar,R (2185) Madrid 2017}) 15. Bg5 Qa6 {Threatening ...Bg4.} 16. Qg3 h6 17. Bxf6 ({Wrong is} 17. Bxh6 $2 Nh5 $17) 17... Qxf6 18. Rhe1 Be6 19. Rxe5 Rfd8 20. Ree1 Rac8 21. Rxd8+ (21. f3 {seems wilder.} b6 22. Rxd8+ Qxd8 23. Qf4 Rc4 24. Qd2) 21... Rxd8 22. Rd1 Rc8 23. Rd2 (23. h3 {keeps more tension.} b6 24. Qe3 Kf8 25. f3 Qe7 26. Qf4) 23... Qf5 24. Qe3 b6 25. h3 Qf6 26. f3 Qh4 27. Ne4 Qh5 28. f4 Qh4 29. f5 ({White should try} 29. g4 $16) 29... Bxf5 $11 30. Nd6 {[%mdl 64] Double Attack} Rc5 31. b4 {[#]} (31. Nxf5 $11 {keeps the balance.} Rxf5 32. Kb1) 31... Qf6 $1 $17 {[%cal Rf6a1][%mdl 512]} 32. Qd4 {[#]} (32. Kb1 $17 Rxc2 33. Rxc2 Qxd6 34. Qf3) 32... Rxc2+ $1 $19 {[%mdl 512]} 33. Kd1 {aiming for Qxf6.} Rxd2+ 34. Qxd2 Qa1+ 35. Ke2 Be6 36. Qd3 Qe5+ 37. Kf2 a5 ({Resist} 37... Bd5 38. Nf5 $17) 38. bxa5 bxa5 39. Kg1 Qc5+ 40. Kh2 Qe5+ $2 ({Better is} 40... f5 $19 41. Qg3 Bd7) 41. Qg3 $2 {[%mdl 8192]} (41. Kg1 $1 $11) 41... Qxg3+ 42. Kxg3 {[%mdl 4096] Endgame KB-KN} g5 43. h4 (43. Kf3 $142) 43... Kg7 44. hxg5 hxg5 45. Nb7 $2 (45. Ne4 Kg6 46. Nd6) 45... Kf6 46. Kf2 Ke5 47. Ke3 Bd5 48. Nxa5 g4 49. Kd3 Bxg2 {Black mates.} 50. Nc4+ Kf4 51. Ke2 Bd5 52. Nb6 Bc6 53. Kf1 Kg3 54. Kg1 f5 55. Nc4 f4 56. Nd2 Kh3 {Weighted Error Value: White=0.45/Black=0.11} 0-1

[Event "Israel Championship 2021"]
[Site "Haifa"]
[Date "2021.03.10"]
[Round "4.4"]
[White "Tzidkiya, Yeshaayahu"]
[Black "Boruchovsky, Avital"]
[Result "0-1"]
[WhiteElo "2380"]
[BlackElo "2541"]
[Annotator "TA"]
[PlyCount "90"]
[EventDate "2021.01.10"]
[EventType "swiss"]
[EventCountry "ISR"]
[SourceTitle "playchess.com"]
[Source "ChessBase"]
[SourceQuality "1"]

{[%evp 14,90,27,27,33,8,25,0,15,0,0,0,0,-9,11,0,0,0,2,0,0,0,0,0,0,-20,0,0,0,0,4,-8,0,-11,-18,-17,0,0,0,-2,0,0,0,14,4,5,4,0,0,0,0,0,0,-43,0,0,0,0,0,-34,0,-59,14,-590,-597,-29987,-29988,-29988,-29989,-29993,-29994,-29994,-29995,-29996,-29997,-29997,-29998,-29998,-29999]} 1. e4 e5 2. Nf3 Nc6 3. Bb5 a6 4. Ba4 Nf6 5. d3 d6 6. c3 g6 7. O-O Bg7 8. Re1 O-O {C77: Ruy Lopez: 3...a6 4 Ba4 Nf6, unusual lines.} 9. Bg5 h6 10. Bh4 b5 {The position is equal.} 11. Bb3 Na5 12. Bc2 c5 13. Nbd2 Nc6 14. Nf1 Qc7 15. Ne3 {[#]} Be6 $146 ({Predecessor:} 15... Ne7 16. h3 Kh7 17. Nh2 Nfg8 18. Bg3 f5 19. exf5 Nxf5 20. Nxf5 gxf5 21. f4 Ne7 22. fxe5 dxe5 {1-0 (44) Gelip,I (2124)-Stanciu,A (2003) Mamaia 2015}) 16. Bb3 Nh5 17. Bg3 Qd7 18. a4 b4 19. Nh4 Rab8 20. Bxe6 Qxe6 21. Nhf5 Kh7 ({Reject} 21... gxf5 $6 22. exf5 Qe8 23. Qxh5 $16) 22. Nxg7 Kxg7 23. Qd2 Rb7 24. Nc4 Qf6 25. Rf1 Nf4 26. f3 Rd8 27. Ne3 bxc3 28. bxc3 Rdb8 {Threatens to win with ...Rb2.} 29. Bxf4 Qxf4 30. g3 Qg5 31. Ra2 Qd8 32. f4 exf4 33. Rxf4 Ne5 34. d4 cxd4 35. cxd4 Nc6 (35... Nd7 {feels hotter.} 36. Kg2 Qe8 37. Rg4 h5 38. Nf5+ Kg8) 36. Rg4 Kh7 37. Rh4 (37. Rf4 $11) 37... Qg5 (37... Qb6 $15 38. Nc4 Qxd4+ 39. Qxd4 Nxd4) 38. Qc3 $2 {[%mdl 8192] [#] Now White is beyond hope.} (38. Rf4 $1 $11 {and White is okay.}) 38... Rb3 $1 $19 39. Qxc6 {Black must now prevent Rf4.} (39. Qc4 Qxe3+) 39... Qxe3+ {[%mdl 64] Double Attack. Black mates.} 40. Kg2 Rb2+ 41. Rxb2 Rxb2+ 42. Kh3 Qg1 43. Kg4 Qd1+ 44. Kh3 Qf1+ 45. Kg4 f5+ {Weighted Error Value: White=0.46/Black=0.08} 0-1

[Event "Israel Championship 2021"]
[Site "Haifa"]
[Date "2021.03.10"]
[Round "4.5"]
[White "Haimovich, Tal"]
[Black "Kobo, Ori"]
[Result "0-1"]
[WhiteElo "2375"]
[BlackElo "2460"]
[Annotator "TA"]
[PlyCount "40"]
[EventDate "2021.01.10"]
[EventType "swiss"]
[EventCountry "ISR"]
[SourceTitle "playchess.com"]
[Source "ChessBase"]
[SourceQuality "1"]

{[%evp 26,40,0,-10,-12,-91,-86,-374,-375,-380,-380,-379,-370,-368,-362,-1500,-1457]} 1. d4 d5 2. c4 e6 3. Nc3 c5 4. e3 Nf6 5. Nf3 a6 6. cxd5 exd5 7. Be2 Nc6 8. O-O Bd6 9. dxc5 Bxc5 10. b3 O-O 11. Bb2 Ba7 12. Rc1 Re8 13. Na4 Ne4 14. Nd4 Qg5 {[#] D32: Tarrasch Defence: Sidelines and lines without g3.} 15. Nf3 $146 {[#]} (15. Kh1 $11 {keeps the balance.}) ({Predecessor:} 15. f4 Qh6 16. Bf3 Qd6 17. Re1 Bd7 18. Nxc6 bxc6 19. Be5 Rxe5 20. fxe5 Qh6 21. Qe2 Re8 22. Bxe4 dxe4 {0-1 (46) Anton Guijarro,D (2703)-Studer,N (2580) Biel 2020}) 15... Nxf2 $1 $17 {[%mdl 64] Remove Defender, Decoy} 16. Kxf2 {[%mdl 8192]} (16. Nxg5 $17 Nxd1 17. Rcxd1 Rxe3 18. Bh5 (18. Rf2 $2 Rxe2 {[%mdl 64] Pin} 19. Bd4 Bxd4 $19 {[%mdl 64] Pin}) 18... Rh3+ 19. Bd4 Bxd4+ 20. Rxd4 Rxh5 21. Rxd5) 16... Bxe3+ $19 {[%mdl 64] Double Attack. Black is winning.} 17. Ke1 Qxg2 18. Rc3 {Now Rxe3 and White clings on.} Bg4 19. Rxe3 Rxe3 20. Bc1 $2 {[#]} (20. Rf2 Qh3 21. Qxd5) 20... Rxf3 $1 {[%mdl 512] White did not feel at home in the position after the opening.  Weighted Error Value: White=1.20/Black=0.00} 0-1

[Event "Israel Championship 2021"]
[Site "Haifa"]
[Date "2021.03.10"]
[Round "4.6"]
[White "Kraus, Ohad"]
[Black "Parkhov, Yair"]
[Result "1/2-1/2"]
[WhiteElo "2363"]
[BlackElo "2407"]
[Annotator "TA"]
[PlyCount "101"]
[EventDate "2021.01.10"]
[EventType "swiss"]
[EventCountry "ISR"]
[SourceTitle "playchess.com"]
[Source "ChessBase"]
[SourceQuality "1"]

{[%evp 16,101,10,0,0,0,0,0,0,0,0,0,0,0,0,0,10,7,9,0,22,35,72,62,76,39,77,16,23,7,9,0,0,0,-8,-30,-38,-42,-12,-27,-27,-51,-34,-34,-24,-39,0,0,0,0,0,0,0,0,0,0,0,0,0,0,0,0,0,0,0,0,6,5,6,6,13,6,13,0,0,0,0,0,0,-97,0,0,0,0,0,0,0,0]} 1. d4 d5 2. c4 c6 3. e3 Nf6 4. Nf3 Bf5 5. Nc3 e6 6. Bd3 Bb4 7. O-O Bxd3 8. Qxd3 O-O 9. Bd2 Ba5 {[#] D12: Slav Defence: 3 Nf3 Nf6 4 e3 Bf5.} 10. b4 $146 ({Predecessor:} 10. b3 Nbd7 11. Rfe1 Re8 12. a3 h6 13. b4 Bc7 14. e4 Nb6 15. cxd5 cxd5 16. e5 Nfd7 17. Rec1 {0-1 (37) Abdusattorov,N (2598)-Shankland,S (2713) Biel 2019}) 10... Bxb4 11. Nxd5 $1 Nxd5 12. cxd5 Bxd2 13. dxc6 $1 Nxc6 {[#] Strongly threatening ...Bb4.} 14. Qxd2 Qa5 15. Qb2 Rab8 16. Rfc1 Rfc8 17. Rc5 Qa4 18. Rac1 h6 19. h3 Rd8 20. R5c4 Qa6 21. e4 (21. R4c3 $16) 21... Rbc8 {[%cal Bb8c8,Bc8c7,Bc7d7][%mdl 32]} 22. Ne5 Qb6 23. Qa1 Ne7 24. Rb1 Qa6 25. Rcb4 b6 26. Qb2 Rc7 (26... f6 $5 {[%cal Rf6e5]} 27. Nf3 Qd3 $15) 27. Qd2 {Black should prevent Nxf7!} Qb7 28. Qe2 Nc6 29. Nxc6 Qxc6 30. Rd1 Rcd7 31. Rc4 Qb7 32. a4 Qa6 33. Qd3 Qa5 34. Qb3 Qg5 35. Qc3 Qf4 36. Qe3 (36. d5 {is interesting.} Qg5 37. Rc7 exd5 38. Rxd7 Rxd7 39. Qc6) 36... Qb8 37. Qc3 Qb7 38. Qd3 a6 39. Rb1 Qa7 40. Rcb4 b5 41. axb5 axb5 {[%cal Rd7d4]} 42. Rd1 Qa5 43. Qb3 Qa8 44. d5 exd5 45. Rbd4 Qc6 46. exd5 Qc5 47. Qe3 (47. g3 $11) 47... b4 (47... Rxd5 $17 48. Rxd5 Rxd5 49. Qxc5 Rxc5) 48. d6 {The position is equal.} Qb6 {[%cal Rd7d6]} 49. Qe5 b3 50. R4d2 Qb4 51. Qb2 {Weighted Error Value: White=0.11/Black=0.09} 1/2-1/2

[Event "Israel Championship 2021"]
[Site "Haifa"]
[Date "2021.03.10"]
[Round "4.7"]
[White "Solomon, Asif"]
[Black "Postny, Evgeny"]
[Result "1/2-1/2"]
[WhiteElo "2356"]
[BlackElo "2605"]
[Annotator "TA"]
[PlyCount "92"]
[EventDate "2021.01.10"]
[EventType "swiss"]
[EventCountry "ISR"]
[SourceTitle "playchess.com"]
[Source "ChessBase"]
[SourceQuality "1"]

{[%evp 12,92,29,36,22,11,37,11,25,9,19,20,18,20,33,16,35,25,19,0,0,0,0,-119,-133,-129,-121,-156,-156,-375,-361,-404,-406,-404,-402,-399,-385,-385,-295,-452,-443,-636,-341,-465,-290,-283,-295,-259,-247,-210,-64,-55,0,0,0,0,0,0,0,0,0,0,0,0,0,0,0,0,0,0,0,0,0,0,0,0,0,0,0,0,0,0,0]} 1. d4 d5 2. c4 c6 3. Nf3 Nf6 4. e3 Bf5 5. Nc3 e6 6. Nh4 Be4 $1 {[%mdl 4] is currently scoring better than 6...Bg6.} 7. f3 Bg6 {D12: Slav Defence: 3 Nf3 Nf6 4 e3 Bf5.} 8. Bd2 Be7 9. Nxg6 hxg6 10. Qc2 Nbd7 11. O-O-O a6 12. c5 b6 13. cxb6 {[#]} Qxb6 $146 ({Predecessor:} 13... Nxb6 14. Na4 Nfd7 15. Ba5 Qc7 16. Kb1 Qb7 17. Nxb6 Nxb6 18. Rc1 Rc8 19. Qb3 Rb8 {1-0 (34) Donchenko,A (2646)-Bluebaum,M (2647) Playchess.com INT 2020}) 14. Na4 Qb7 15. Kb1 O-O $1 16. Rc1 Rfc8 17. Nc5 {[#]} (17. Qb3 $11 {remains equal.} Qxb3 18. axb3) 17... Nxc5 $1 $17 18. dxc5 Rab8 19. Bc3 Bxc5 20. Bxf6 $2 (20. Qe2 $17 Nd7 21. Rc2) 20... gxf6 $19 21. Bxa6 Qxa6 22. Qxc5 {[#]} Rb5 $1 {[%cal Rb5c5]} 23. Qc3 Ra8 24. a3 c5 25. h4 (25. Ka1 $142) 25... Rab8 {Threatens to win with ...d4!} 26. Rc2 (26. Ka2 $142 Rxb2+ 27. Qxb2 Rxb2+ 28. Kxb2) 26... e5 {...d4 is the strong threat.} 27. h5 Rb3 28. Qxc5 Qb7 {[%cal Rb3b2]} ({Don't play} 28... Rxa3 29. Qxa3 Qxa3 30. Rc8+ Kg7 31. Rxb8 $17) 29. Kc1 Rxb2 {Hoping for ...Rb1+.} 30. Kd2 {intending hxg6.} Rxc2+ (30... gxh5 $19 {aiming for ...d4!} 31. Rxh5 e4) 31. Qxc2 {[%mdl 4096] Endgame KQR-KQR} Rc8 (31... gxh5 $15 32. Rxh5 Rc8 33. Qh7+ Kf8) 32. Qb1 $11 {The position is equal.} Qxb1 33. Rxb1 gxh5 {KR-KR} 34. a4 {[%cal Ba3a4,Ba4a5,Ba5a6,Ba6a7][%mdl 32]} Ra8 35. Ra1 Kf8 36. a5 Ke7 37. a6 Kd6 38. Kd3 Kc6 39. Ra5 Rd8 40. e4 d4 41. a7 Ra8 42. f4 Kb6 43. Rd5 exf4 44. Kxd4 Rxa7 45. Rd6+ Kc7 46. Rxf6 {[%mdl 64] Double Attack} Kd8 {White happily takes the draw.  Weighted Error Value: White=0.30/Black=0.25} 1/2-1/2

[Event "Israel Championship 2021"]
[Site "Haifa"]
[Date "2021.03.10"]
[Round "4.8"]
[White "Parnes, Nadav"]
[Black "Rechlis, Gad"]
[Result "0-1"]
[WhiteElo "2273"]
[BlackElo "2513"]
[Annotator "TA"]
[PlyCount "88"]
[EventDate "2021.01.10"]
[EventType "swiss"]
[EventCountry "ISR"]
[SourceTitle "playchess.com"]
[Source "ChessBase"]
[SourceQuality "1"]

{[%evp 9,88,-3,-2,-20,-2,-18,-11,-50,-50,-66,-27,-43,-30,-47,-31,-40,-34,-43,-47,-47,-47,-42,-47,-69,-52,-46,-43,-47,0,0,0,0,0,0,0,0,0,0,0,-57,-60,-108,-45,-73,-50,-56,-52,-32,-27,-24,49,-184,-33,-23,-41,-19,-25,-43,-16,-29,-18,-49,-42,-47,0,0,0,0,0,0,0,-61,-65,-65,0,-938,-937,-935,-935,-850,-824]} 1. Nf3 d6 2. g3 e5 3. d3 g6 4. Bg2 Bg7 5. O-O Ne7 {[#]} 6. Bd2 $146 {A04: Unusual lines after 1 Nf3 and King's Indian Attack.} ({Predecessor:} 6. Nc3 O-O 7. e4 Nbc6 {½-½ (7) Salvador,R (2464)-Lazic,M (2472) Padova 2008}) 6... f5 7. Qc1 h6 8. e4 {The position is equal.} g5 9. exf5 Nxf5 10. Nc3 Nc6 11. Nd5 O-O 12. c3 Be6 13. Ne1 Qd7 14. Nc2 Rae8 15. Qd1 Nd8 16. c4 Nd4 17. Nc3 N8c6 {[%cal Bd8c6,Bc6e5,Be5g4,Bg4e3][%mdl 32]} 18. Nxd4 exd4 19. Ne4 Ne5 20. f4 $1 {[%cal Rf4e5]} gxf4 21. Bxf4 Ng4 22. Qd2 b5 23. cxb5 Qxb5 24. Bf3 (24. Rac1 $11 Qh5 25. Bf3) 24... Ne3 $1 $15 25. Rfc1 Qb6 ({Black should try} 25... Re7 $17 26. b4 Qf5) 26. b4 Kh8 27. a4 Re7 28. b5 Bd5 29. Rab1 Ref7 (29... Qb8 $11) 30. Bh5 $2 (30. a5 $14 {is the one way to stay ahead.} Qb7 31. b6 Rxf4 32. gxf4 cxb6 33. axb6 (33. Nxd6 Qe7 $14)) 30... Rf5 $2 (30... Rxf4 $19 31. gxf4 Rxf4) 31. Bg6 {Threatens to win with a5.} Rxf4 32. gxf4 Rxf4 33. Ng3 $1 Be5 34. Be4 Bxe4 35. dxe4 Qb8 {White must now prevent ...Rg4.} 36. Rb3 Qg8 37. Rxe3 dxe3 38. Qxe3 Qg7 39. Kh1 {And now Nh5 would win.} Rh4 {Strongly threatening ...Bxg3.} 40. Kg2 ({Better is} 40. Rg1 $11) 40... Bf4 $36 {[%mdl 2048] Black fights for an advantage.} 41. Qc3 {Hoping for Qxg7+.} Be5 (41... Bxc1 $15 42. Qxg7+ Kxg7 43. Nf5+ Kf6 44. Nxh4 Ke5) 42. Qf3 $2 {[%mdl 8192]} ({Wrong is} 42. Qxc7 $2 {[#]} Rxh2+ $3 {[%mdl 512]} 43. Kf1 Qg8 $19) (42. Qe3 $11) 42... Bxg3 $19 {Black is clearly winning.} 43. hxg3 Qb2+ {[%mdl 64] Double Attack} 44. Qf2 {[#]} Rh2+ $1 {[%mdl 576] Skewer.  Weighted Error Value: White=0.41/Black=0.21} 0-1